Construction planning and management of satpara dam hydro power project using p III Prima Vera Project Planner (Record no. 550801)
[ view plain ]
| 000 -LEADER | |
|---|---|
| fixed length control field | 00398nam a22001337a 4500 |
| 082 ## - DEWEY DECIMAL CLASSIFICATION NUMBER | |
| Classification number | P-319 |
| -- | D |
| 100 ## - MAIN ENTRY--PERSONAL NAME | |
| Personal name | Awais |
| 9 (RLIN) | 47614 |
| 245 ## - TITLE STATEMENT | |
| Title | Construction planning and management of satpara dam hydro power project using p III Prima Vera Project Planner |
| Statement of responsibility, etc. | Awais, Tamoor |
| 260 ## - PUBLICATION, DISTRIBUTION, ETC. | |
| Place of publication, distribution, etc. | Nust MCE |
| Name of publisher, distributor, etc. | MCE |
| Date of publication, distribution, etc. | 10/9/2006 |
| 300 ## - PHYSICAL DESCRIPTION | |
| Extent | D |
| Dimensions | 40cm. |
| 526 ## - STUDY PROGRAM INFORMATION NOTE | |
| Program name | 0 |
| Interest level | 0 |
| Reading level | 0 |
| Title point value | P_319 |
| 650 ## - SUBJECT ADDED ENTRY--TOPICAL TERM | |
| Topical term or geographic name entry element | Project |
| 942 ## - ADDED ENTRY ELEMENTS (KOHA) | |
| Source of classification or shelving scheme | |
| Koha item type | Book |
| Withdrawn status | Lost status | Source of classification or shelving scheme | Damaged status | Not for loan | Permanent Location | Current Location | Date acquired | Total Checkouts | Full call number | Barcode | Date last seen | Price effective from | Koha item type | Public note |
|---|---|---|---|---|---|---|---|---|---|---|---|---|---|---|
| Military College of Engineering (MCE) | Military College of Engineering (MCE) | 11/25/2014 | P-319 | MCE-P-319 | 11/25/2014 | 11/25/2014 | Book | Project |
